| 000 | 00449nam a2200169Ia 4500 | ||
|---|---|---|---|
| 005 | 20260429111945.0 | ||
| 008 | 260429s9999||||xx |||||||||||||| ||und|| | ||
| 020 | _a9788184116311 | ||
| 041 | _aEnglish | ||
| 082 |
_a530.15 _bKUM |
||
| 100 | _aKumar, Sanjay | ||
| 245 | 0 |
_aMathematical physics / _cSanjay Kumar |
|
| 260 |
_aNew Delhi : _bSonali Publications, _c2025. |
||
| 300 | _avii, 312 p.; hb | ||
| 650 | _aMathematical physics | ||
| 942 | _cTB | ||
| 999 |
_c51616 _d51616 |
||